000
00235 a2200097 4500
001
57796
100
_a
245
_a
Mukelamat; taraqi pasand tahreek wa sahafat
260
_a
Lahore
_b
Al Qamar Enterprises
_c
2008
090
_c
35452
_d
35452
942
_a
NUST-CAE
_c
_c
28283
999
_c
292869
_d
292869